Travel through which country? - Statistics

General Stats
  • This quiz has been taken 1,919 times
    1,890 since last reset
  • The average score is 9 of 11
Answer Stats
Answer % Correct
North Korea
99%
Norway
95%
Switzerland
95%
Denmark
93%
Slovenia
84%
Serbia
80%
Macedonia
77%
Greece
76%
Iraq
74%
Algeria
72%
Egypt
72%
No matching quizzes found
Score Distribution
Percent of People with Each Score
Percentile by Number Answered
Your Score History
You have not taken this quiz since the last reset